Proyecto planificación y manejo de áreas protegidas de la región amazónica: (Registro nro. 20574)

Detalles MARC
000 -CABECERA
Campo de control 00931nam a22002297a 4500
005 - FECHA Y HORA DE LA ULTIMA TRANSACCION
Campo de control 20191108073756.0
008 - ELEMENTOS DE LONGITUD FIJA—INFORMACION GENERAL
Campo de control 191108b xxu||||| |||| 00| 0 spa d
040 ## - FUENTE DE CATALOGACIÓN
Agencia catalogadora original CO-BoIAVH
Agencia transcriptora CO-BoIAVH
041 ## - IDIOMA
Código de idioma para texto/pista de sonido o título separado Español
044 ## - PAÍS DE PUBLICACIÓN
País de publicación Colombia
082 ## - NUMERO DE CLASIFICACION DECIMAL DEWEY
Número de clasificación 333.72
Número del ítem C38p
110 ## - ASIENTO PRINCIPAL--NOMBRE CORPORATIVO
9 (RLIN) 19380
Nombre corporativo o de jurisdicción como elemento de entrada Tratado de Cooperación Amazónica.
245 10 - MENCION DE TITULO
Título Proyecto planificación y manejo de áreas protegidas de la región amazónica:
Parte restante del título reseña histórica de su formulación y puesta en marcha
260 ## - PUBLICACION, DISTRIBUCION, ETC. (PIE DE IMPRENTA)
Lugar de publicación, distribución, etc. Bogotá:
Nombre del editor, distribuidor, etc. Instituto Nacional de los Recursos Naturales Renovables y del Medio Ambiente ( INDERENA,)
Fecha de publicación, distribución, etc. 1993.
300 ## - DESCRIPCION FISICA
Extensión 146 páginas
Dimensiones 24 x 17cm
650 #0 - ASIENTO SECUNDARIO DE MATERIA - TERMINO TEMATICO
9 (RLIN) 30388
Término temático o nombre geográfico como elemento de entrada Áreas naturales protegidas
650 #0 - ASIENTO SECUNDARIO DE MATERIA - TERMINO TEMATICO
9 (RLIN) 44257
Término temático o nombre geográfico como elemento de entrada Conservación de los recursos naturales
Subdivisión geográfica Colombia
650 #0 - ASIENTO SECUNDARIO DE MATERIA - TERMINO TEMATICO
9 (RLIN) 12833
Término temático o nombre geográfico como elemento de entrada Cuenca del Amazonas
710 ## - ASIENTO SECUNDARIO - NOMBRE CORPORATIVO
9 (RLIN) 51285
Nombre corporativo o de jurisdicción como elemento de entrada Tratado de Cooperación Amazónica TCA
710 ## - ASIENTO SECUNDARIO - NOMBRE CORPORATIVO
9 (RLIN) 101955
Nombre corporativo o de jurisdicción como elemento de entrada Comunidad Económica Europea
942 ## - ELEMENTOS ADICIONALES (KOHA)
Sistema de clasificación Dewey Decimal Classification
Tipo de ítem Libro
Existencias
Withdrawn status Lost status Sistema de Clasificación Damaged status No para préstamo Colección Ubicación Permanente Ubicación actual Fecha de adquisición Total Checkouts Número topográfico Inventario / Código de Barras Date last seen Ejemplar Price effective from Forma de adquisición Tipo de material
    Dewey Decimal Classification     General Bogotá Bogotá 08/11/2019   LB-333.72 C38p 043712 08/11/2019 Ej. 1 08/11/2019 Donación Libro